La lucha por la dignidad: teoría de la felicidad política
সংরক্ষণ করুন:
| প্রধান লেখক: | , |
|---|---|
| বিন্যাস: | গ্রন্থ |
| ভাষা: | স্প্যানিশ |
| প্রকাশিত: |
Barcelona
Anagrama
2000
|
| বিষয়গুলি: | |
| ট্যাগগুলো: |
ট্যাগ যুক্ত করুন
কোনো ট্যাগ নেই, প্রথমজন হিসাবে ট্যাগ করুন!
|
MARC
| LEADER | 00000nam a2200000 a 4500 | ||
|---|---|---|---|
| 001 | UCN6623 | ||
| 003 | CL-VaPUC | ||
| 008 | 010928e20000000SP |||||||||||||||||spa|d | ||
| 082 | 0 | 4 | |a 320.01 |b MAR |2 21 |
| 100 | |a Marina, José Antonio |e autor |9 574042 | ||
| 700 | 0 | |a Válgoma, María de la |e author |9 462316 | |
| 245 | 1 | 3 | |a La lucha por la dignidad: teoría de la felicidad política |
| 300 | |a 362 p | ||
| 942 | |c BK | ||
| 945 | |d 20010928 00:00:00 |a crobeson | ||
| 260 | |a Barcelona |b Anagrama |c 2000 | ||
| 650 | 7 | |a FILOSOFIA POLITICA |2 CL-VaPUC |9 462317 | |
| 650 | 0 | |a Dignidad humana |9 394427 | |
| 650 | 0 | |a Justicia social |9 314874 | |
| 650 | 0 | |a Derechos humanos |9 223025 | |
| 583 | |a last modification |c 20010928 00:00:00 |k Rodrigo Vera | ||
| 999 | |c 297323 |d 297321 | ||
| 952 | |0 0 |1 0 |4 0 |6 320_010000000000000_MAR_2000 |7 0 |8 A |9 351948 |a BIBGIM |b BIBGIM |d 2019-11-21 |i 3749444 |o 320.01 MAR 2000 |p 3749444 |r 2025-01-15 |w 2019-11-21 |y BK |k SSL | ||